Normal view MARC view

Entry Nombre corporativo

Number of records used in: 1

001 - NÚMERO DE CONTROL

  • campo de control: 3673

003 - IDENTIFICADOR DE NÚMERO DE CONTROL

  • campo de control: OSt

005 - FECHA Y HORA DE LA ÚLTIMA TRANSACCIÓN

  • campo de control: 20221005155013.0

008 - ELEMENTOS DE DATO DE LONGITUD-FIJA

  • campo de control de longitud fija: 221005|| aca||aabn | a|a d

040 ## - FUENTE DE CATALOGACIÓN

  • Centro catalogador/agencia de origen: OSt
  • Centro/agencia transcriptor: OSt

110 ## - ENCABEZAMIENTO-NOMBRE DE ENTIDAD CORPORATIVA

  • Nombre de entidad corporativa o nombre de jurisdicción como elemento de entrada: ITALIA.
  • Unidad subordinada: Acuerdo sobre la Política de Rentas y de la Ocupación, sobre Aspectos de la Negociación Colectiva, sobre Políticas de Empleo y de Apoyo al Sistema Productivo
  • Fecha del congreso o de la firma del tratado: 1993

670 ## - FUENTE DE DATOS ENCONTRADOS

  • Cita de la fuente: Work cat.: (OSt)2608: ITALIA. Acuerdo sobre la Política de Rentas y de la Ocupación, sobre Aspectos de la Negociación Colectiva, sobre Políticas de Empleo y de Apoyo al Sistema Productivo 1993, Acuerdo sobre la Política de Rentas y de la Ocupación sobre Aspectos de la Negociación Colectiva, sobre Políticas de Empleo y Apoyo al Sistema Productivo de 3 de julio de 1993, 1994

Powered by Koha